|
|
|
|
| LEADER |
00000nam a2200000Ii 4500 |
| 001 |
DIGVEDIV0609 |
| 003 |
NyNyDIG |
| 006 |
m o d |
| 007 |
cr ||||||||||| |
| 008 |
250604s2024 sp ab ob 000 0 spa d |
| 035 |
|
|
|a (OCoLC)1444032389
|
| 040 |
|
|
|a DGITA
|b eng
|e rda
|e pn
|c DGITA
|
| 020 |
|
|
|a 9788410630345
|q ePub
|
| 020 |
|
|
|z 9788410630079
|q versión impresa
|
| 041 |
1 |
|
|a spa
|h eng
|
| 050 |
1 |
4 |
|a BS646 ebook
|
| 100 |
1 |
|
|a Koester, Craig R.,
|d 1953-
|e author.
|
| 240 |
1 |
0 |
|a Revelation.
|l Spanish
|s (Roncero Vicente)
|
| 245 |
1 |
0 |
|a Apocalipsis /
|c Craig R. Koester ; traducción, Manuel Roncero Vicente.
|
| 264 |
|
1 |
|a Estella (Navarra), España :
|b Editorial Verbo Divino,
|c 2024.
|
| 300 |
|
|
|a 1 online resource :
|b illustrations, maps.
|
| 336 |
|
|
|a text
|b txt
|2 rdacontent
|
| 337 |
|
|
|a computer
|b c
|2 rdamedia
|
| 338 |
|
|
|a online resource
|b cr
|2 rdacarrier
|
| 347 |
|
|
|a text file
|2 rdaft
|
| 347 |
|
|
|b EPUB
|
| 500 |
|
|
|a "Una nueva traducción con introducción y comentario"--Cover.
|
| 504 |
|
|
|a Includes bibliographical references.
|
| 588 |
0 |
|
|a Online resource; title from ePub title page (Digitalia, viewed June 4, 2025)
|
| 650 |
|
0 |
|a Apocalyptic literature.
|
| 650 |
|
0 |
|a Christianity and culture.
|
| 700 |
1 |
|
|a Roncero Vicente, Manuel,
|e translator.
|
| 700 |
1 |
|
|i Translation of:
|a Koester, Craig R.,
|d 1953-
|t Revelation.
|
| 776 |
0 |
8 |
|i Print version:
|a Koester, Craig R., 1953-
|s Revelation. Spanish (Roncero Vicente).
|t Apocalipsis.
|d Estella (Navarra), España : Editorial Verbo Divino, 2024
|z 9788410630079
|
| 791 |
2 |
|
|a Digitalia (Firm),
|e distributor.
|
| 793 |
0 |
|
|g Digitalia eBook Collection:
|a Editorial Verbo Divino
|
| 830 |
|
0 |
|a Comentarios teológicos y literarios del AT y NT (Editorial Verbo Divino)
|
| 856 |
4 |
0 |
|3 Digitalia Hispánica
|u https://www.digitaliapublishing.com/a/172498/
|
| 910 |
|
|
|a Premium collection: 2025
|